[Event "ITT Homenaje a los Maestros Predecesore"]
[Site "Asuncion"]
[Date "2012.01.09"]
[Round "1.1"]
[White "Latorre, Manuel"]
[Black "Brito, Luismar"]
[Result "1-0"]
[WhiteElo "2299"]
[BlackElo "2270"]
[PlyCount "75"]
[EventDate "2012.01.09"]

1. d4 Nf6 2. c4 e6 3. Nf3 c5 4. d5 exd5 5. cxd5 b5 6. Bg5 Qb6 7. Bxf6 Qxf6 8.
Qc2 Bb7 9. e4 c4 10. a4 Bb4+ 11. Nc3 a6 12. Be2 O-O 13. O-O Qb6 14. axb5 axb5
15. Rxa8 Bxa8 16. b3 Rc8 17. Na2 Na6 18. bxc4 bxc4 19. Rb1 Qc5 20. Nxb4 Nxb4
21. Qc3 Na6 22. Nd2 f5 23. Qxc4 Qxc4 24. Bxc4 Nc5 25. exf5 Kf8 26. f3 Ke7 27.
Kf2 Kd6 28. Rd1 Re8 29. g4 Re5 30. Ba2 Ke7 31. Nf1 Na6 32. Ne3 Bb7 33. h4 Nc5
34. Bb1 Kf8 35. Bc2 Re8 36. f6 gxf6 37. Bxh7 Ra8 38. Bb1 1-0

[Event "ITT Homenaje a los Maestros Predecesore"]
[Site "Asuncion"]
[Date "2012.01.09"]
[Round "1.3"]
[White "Villalba, Marcelo"]
[Black "Saldano Dayer, Horacio"]
[Result "0-1"]
[WhiteElo "2199"]
[BlackElo "2441"]
[PlyCount "98"]
[EventDate "2012.01.09"]

1. e4 c6 2. d4 d5 3. Nd2 dxe4 4. Nxe4 Nd7 5. Nf3 Ngf6 6. Nxf6+ Nxf6 7. c3 Bg4
8. Be2 e6 9. Ne5 Bxe2 10. Qxe2 Be7 11. Bg5 Nd5 12. Bxe7 Qxe7 13. O-O O-O 14.
Rfe1 a5 15. Nc4 Rfe8 16. Ne3 Rad8 17. Nxd5 Rxd5 18. Qf3 Qg5 19. Re2 Red8 20.
Rae1 Qf6 21. Qxf6 gxf6 22. Re3 c5 23. Rg3+ Kf8 24. dxc5 Rd2 25. c4 Rxb2 26. Rb3
Rxb3 27. axb3 Rc8 28. b4 axb4 29. Rb1 Ra8 30. Kf1 Ra4 31. Ke2 Ke7 32. c6 bxc6
33. c5 Ra5 34. Rxb4 Rxc5 35. Rh4 h5 36. Ra4 Kf8 37. Ra7 Kg7 38. Kf3 Rc3+ 39.
Kf4 f5 40. f3 h4 41. Kg5 h3 42. gxh3 Rxf3 43. h4 Rf2 44. h3 Rf3 45. Rc7 Rg3+
46. Kh5 Kf6 47. Kh6 f4 48. Rxc6 f3 49. Rc4 e5 0-1

[Event "ITT Homenaje a los Maestros Predecesore"]
[Site "Asuncion"]
[Date "2012.01.09"]
[Round "1.4"]
[White "Obregon, Andres Carlos"]
[Black "Vazquez, Guillermo"]
[Result "1/2-1/2"]
[WhiteElo "2455"]
[BlackElo "2273"]
[PlyCount "88"]
[EventDate "2012.01.09"]

1. e4 c5 2. Nf3 e6 3. d4 cxd4 4. Nxd4 Nc6 5. Nc3 Qc7 6. f4 a6 7. Nxc6 Qxc6 8.
Bd3 b5 9. Qe2 Bb7 10. Bd2 Be7 11. a3 Nf6 12. e5 Nd5 13. Be4 d6 14. Nxd5 exd5
15. Bd3 dxe5 16. fxe5 Bc8 17. O-O Be6 18. Bb4 Qc7 19. Qe3 Rb8 20. Qd4 a5 21.
Bxe7 Qxe7 22. a4 b4 23. Bb5+ Bd7 24. Qxd5 Bxb5 25. axb5 O-O 26. Rxa5 Qc7 27.
Ra6 Qxc2 28. b3 Qe2 29. Rd6 Qxb5 30. Qd4 Rbc8 31. Rb6 Qe2 32. Rxb4 h6 33. Rc4
Rce8 34. Rc5 Rd8 35. Qc4 Qe3+ 36. Kh1 Rd4 37. Qc2 Rd2 38. Qc4 Rd4 39. Qc3 Rd3
40. Qc4 Rd4 41. Qb5 Rfd8 42. Rcc1 R4d5 43. Qb7 R5d7 44. Qb5 Rd5 1/2-1/2

[Event "ITT Homenaje a los Maestros Predecesore"]
[Site "Asuncion"]
[Date "2012.01.09"]
[Round "1.5"]
[White "Diaz Hollemaert, Nahuel"]
[Black "Espinoza Palomino, Willyam"]
[Result "1/2-1/2"]
[WhiteElo "2441"]
[BlackElo "2361"]
[PlyCount "36"]
[EventDate "2012.01.09"]

1. Nf3 Nf6 2. c4 b6 3. g3 Bb7 4. Bg2 e6 5. O-O Be7 6. b3 d5 7. Bb2 O-O 8. e3 c5
9. Nc3 Nc6 10. cxd5 exd5 11. d4 Rc8 12. dxc5 bxc5 13. Re1 Qd7 14. Re2 Rfd8 15.
Rd2 Nb4 16. a3 Na6 17. Nh4 Nc7 18. Qc2 Ne6 1/2-1/2

[Event "ITT Homenaje a los Maestros Predecesore"]
[Site "Asuncion"]
[Date "2012.01.10"]
[Round "2.1"]
[White "Brito, Luismar"]
[Black "Espinoza Palomino, Willyam"]
[Result "1/2-1/2"]
[WhiteElo "2270"]
[BlackElo "2361"]
[PlyCount "33"]
[EventDate "2012.01.09"]

1. Nc3 e5 2. Nf3 Nc6 3. e4 Nf6 4. Bc4 Bc5 5. d3 d6 6. Bg5 h6 7. Be3 Bb6 8. Nd5
Nxd5 9. Bxd5 Ne7 10. Bb3 Ng6 11. h3 O-O 12. Qd2 Kh7 13. O-O-O Be6 14. Kb1 Bxb3
15. axb3 d5 16. Qe2 Bxe3 17. fxe3 1/2-1/2

[Event "ITT Homenaje a los Maestros Predecesore"]
[Site "Asuncion"]
[Date "2012.01.10"]
[Round "2.2"]
[White "Vazquez, Guillermo"]
[Black "Diaz Hollemaert, Nahuel"]
[Result "1/2-1/2"]
[WhiteElo "2273"]
[BlackElo "2441"]
[PlyCount "45"]
[EventDate "2012.01.09"]

1. e4 g6 2. d4 d6 3. Nf3 Bg7 4. Bc4 c6 5. O-O Nf6 6. e5 Nd5 7. h3 O-O 8. Re1
dxe5 9. dxe5 Nb6 10. Bd3 Bf5 11. Nc3 Bxd3 12. cxd3 Na6 13. d4 Qd7 14. Ne4 Rad8
15. Bf4 Nd5 16. Qd2 Ndc7 17. Rad1 Ne6 18. Bh6 Qd5 19. a3 f5 20. exf6 exf6 21.
Nc3 Qd7 22. Bxg7 Kxg7 23. d5 1/2-1/2

[Event "ITT Homenaje a los Maestros Predecesore"]
[Site "Asuncion"]
[Date "2012.01.10"]
[Round "2.3"]
[White "Saldano Dayer, Horacio"]
[Black "Obregon, Andres Carlos"]
[Result "1/2-1/2"]
[WhiteElo "2441"]
[BlackElo "2455"]
[PlyCount "30"]
[EventDate "2012.01.09"]

1. d4 d5 2. Nf3 Nf6 3. c4 c6 4. e3 e6 5. Bd3 Nbd7 6. O-O Bd6 7. Nbd2 O-O 8. e4
dxe4 9. Nxe4 Nxe4 10. Bxe4 h6 11. Bc2 e5 12. Qd3 f5 13. c5 Bc7 14. Qc4+ Kh8 15.
dxe5 Nxe5 1/2-1/2

[Event "ITT Homenaje a los Maestros Predecesore"]
[Site "Asuncion"]
[Date "2012.01.10"]
[Round "2.4"]
[White "Kropff, Ricardo"]
[Black "Villalba, Marcelo"]
[Result "1/2-1/2"]
[WhiteElo "2236"]
[BlackElo "2199"]
[PlyCount "41"]
[EventDate "2012.01.09"]

1. c4 Nf6 2. Nc3 c5 3. g3 g6 4. Nf3 Bg7 5. d4 cxd4 6. Nxd4 Nc6 7. Bg2 O-O 8.
O-O Ng4 9. e3 d6 10. b3 Nxd4 11. exd4 a6 12. Bb2 Rb8 13. h3 Nh6 14. Qd2 b5 15.
cxb5 axb5 16. Nd5 Bb7 17. Nb4 Bxg2 18. Kxg2 Qa5 19. Kh2 d5 20. Rfc1 Rfc8 21.
Bc3 1/2-1/2

[Event "ITT Homenaje a los Maestros Predecesore"]
[Site "Asuncion"]
[Date "2012.01.11"]
[Round "3.3"]
[White "Obregon, Andres Carlos"]
[Black "Kropff, Ricardo"]
[Result "1-0"]
[WhiteElo "2455"]
[BlackElo "2236"]
[PlyCount "87"]
[EventDate "2012.01.09"]

1. e4 c6 2. d4 d5 3. Nd2 dxe4 4. Nxe4 Bf5 5. Ng3 Bg6 6. h4 h6 7. Nh3 e6 8. Nf4
Bh7 9. Bc4 Nf6 10. O-O Bd6 11. Re1 O-O 12. Ngh5 Nxh5 13. Nxh5 Bg6 14. g3 Nd7
15. Nf4 Bf5 16. c3 Nf6 17. Nd3 Qc7 18. Qf3 Bg4 19. Qg2 Nd5 20. Bd2 a5 21. a4
Rfe8 22. Ne5 Bf5 23. Qf3 Bh7 24. Ba2 Rad8 25. Nd3 Qe7 26. Rad1 Qf6 27. Qe2 Qf5
28. Bb1 Qh3 29. c4 Nf6 30. Qf3 Bc7 31. Bxh6 Bf5 32. Bg5 Bg4 33. Qe3 Rxd4 34.
Bxf6 gxf6 35. Rc1 Red8 36. f4 Rxd3 37. Bxd3 Bxf4 38. gxf4 Bf3 39. Re2 Qg3+ 40.
Kf1 Rxd3 41. Qxd3 Qxf4 42. Qe3 Bxe2+ 43. Kxe2 Qxh4 44. Kd3 1-0

[Event "ITT Homenaje a los Maestros Predecesore"]
[Site "Asuncion"]
[Date "2012.01.11"]
[Round "3.4"]
[White "Diaz Hollemaert, Nahuel"]
[Black "Saldano Dayer, Horacio"]
[Result "1/2-1/2"]
[WhiteElo "2441"]
[BlackElo "2441"]
[PlyCount "48"]
[EventDate "2012.01.09"]

1. d4 d5 2. c4 e6 3. Nc3 Be7 4. Nf3 Nf6 5. Bg5 h6 6. Bh4 O-O 7. e3 Ne4 8. Bxe7
Qxe7 9. Rc1 c6 10. Bd3 Nxc3 11. Rxc3 Nd7 12. O-O dxc4 13. Bxc4 b6 14. Qe2 a5
15. Bd3 c5 16. Rd1 Bb7 17. Bb5 Rfd8 18. Rcd3 cxd4 19. Nxd4 Nc5 20. Nc6 Bxc6 21.
Rxd8+ Rxd8 22. Bxc6 Rd6 23. Bb5 Qd8 24. Rxd6 Qxd6 1/2-1/2

[Event "ITT Homenaje a los Maestros Predecesore"]
[Site "Asuncion"]
[Date "2012.01.12"]
[Round "4.1"]
[White "Brito, Luismar"]
[Black "Vazquez, Guillermo"]
[Result "0-1"]
[WhiteElo "2270"]
[BlackElo "2273"]
[PlyCount "66"]
[EventDate "2012.01.09"]

1. b3 e5 2. Bb2 d6 3. c4 f5 4. g3 Nf6 5. Bg2 g6 6. d4 e4 7. Qd2 Bg7 8. Nc3 O-O
9. h4 Nc6 10. Nh3 Ng4 11. Nd5 Ne7 12. Ne3 Nxe3 13. Qxe3 d5 14. h5 dxc4 15. hxg6
hxg6 16. bxc4 c5 17. O-O-O Qb6 18. Qa3 Nc6 19. dxc5 Qxb2+ 20. Qxb2 Bxb2+ 21.
Kxb2 Be6 22. Nf4 Bf7 23. Kc3 Rac8 24. Nd5 Kg7 25. f4 Na5 26. Kb4 Nxc4 27. Kxc4
Rfd8 28. g4 b6 29. Kb4 Rxd5 30. cxb6 axb6 31. gxf5 gxf5 32. Bh3 Rc4+ 33. Ka3
Rxd1 0-1

[Event "ITT Homenaje a los Maestros Predecesore"]
[Site "Asuncion"]
[Date "2012.01.12"]
[Round "4.2"]
[White "Saldano Dayer, Horacio"]
[Black "Espinoza Palomino, Willyam"]
[Result "1/2-1/2"]
[WhiteElo "2441"]
[BlackElo "2361"]
[PlyCount "88"]
[EventDate "2012.01.09"]

1. g3 e5 2. Bg2 d5 3. Nf3 Nc6 4. d3 Nge7 5. O-O g6 6. Nbd2 Bg7 7. e4 O-O 8. c3
h6 9. Re1 Be6 10. exd5 Bxd5 11. b4 a6 12. Bb2 f6 13. Qc2 Bf7 14. a4 Qd7 15. Ba3
Rfe8 16. Rad1 g5 17. Nb3 f5 18. Bb2 Ng6 19. Nc5 Qc8 20. Nd2 Nd8 21. c4 Rb8 22.
b5 axb5 23. cxb5 Ne6 24. Ndb3 Nef8 25. d4 e4 26. d5 Ne5 27. Bxe5 Rxe5 28. f3
exf3 29. Rxe5 Bxe5 30. Bxf3 Bg6 31. Re1 Bf6 32. Ne6 Nd7 33. Bg4 Ne5 34. Rxe5
Bxe5 35. Bxf5 Bxf5 36. Qxf5 Bg7 37. Nxg7 Kxg7 38. Qe5+ Kg6 39. Nd4 Qg4 40. Ne6
Qd1+ 41. Kg2 Qc2+ 42. Kg1 Qd1+ 43. Kg2 Qc2+ 44. Kg1 Qd1+ 1/2-1/2

[Event "ITT Homenaje a los Maestros Predecesore"]
[Site "Asuncion"]
[Date "2012.01.12"]
[Round "4.3"]
[White "Kropff, Ricardo"]
[Black "Diaz Hollemaert, Nahuel"]
[Result "0-1"]
[WhiteElo "2236"]
[BlackElo "2441"]
[PlyCount "182"]
[EventDate "2012.01.09"]

1. c4 f5 2. g3 Nf6 3. Bg2 g6 4. Nc3 Bg7 5. e3 d6 6. Nge2 c6 7. O-O Be6 8. d3
Bf7 9. b3 O-O 10. Bb2 a6 11. Qd2 Ra7 12. a4 a5 13. Rab1 Na6 14. h3 e5 15. Kh2
Ra8 16. Ba1 Qe7 17. Nd1 Nc5 18. d4 Nfe4 19. Qc2 Na6 20. dxe5 Nb4 21. Qc1 Bxe5
22. Bd4 d5 23. cxd5 Bxd5 24. f3 Nf6 25. Bc5 Bd6 26. Bxd6 Qxd6 27. Nf4 Bf7 28.
Nf2 Rfe8 29. Rd1 Qe7 30. e4 fxe4 31. Nxe4 Nfd5 32. Qb2 Qe5 33. Nxd5 Nxd5 34.
Qxe5 Rxe5 35. Rd3 Re7 36. Rbd1 Kf8 37. h4 Nb4 38. Rd8+ Rxd8 39. Rxd8+ Kg7 40.
Nd2 Na6 41. Rd3 Bd5 42. Kg1 Nb4 43. Rc3 Re2 44. Nc4 Bxc4 45. Rxc4 Re3 46. Rd4
Nd5 47. f4 Rxg3 48. Kf2 Rxb3 49. Bxd5 cxd5 50. Rxd5 b6 51. Rd6 Rh3 52. Rxb6
Rxh4 53. Kg3 Rh5 54. Ra6 Kf7 55. Kg4 Ke7 56. Rb6 Kd7 57. Ra6 Kc7 58. Re6 Kb7
59. Rd6 Rh1 60. Rd5 Kb6 61. Rb5+ Ka6 62. Re5 Kb6 63. Rb5+ Ka6 64. Re5 Rg1+ 65.
Kf3 Rf1+ 66. Kg3 h5 67. Re6+ Kb7 68. Re5 Kb6 69. Rb5+ Ka6 70. Re5 Ra1 71. Re6+
Kb7 72. Kh4 Rg1 73. Rf6 Ka7 74. Kh3 Rg4 75. Kh2 Kb7 76. Kh3 Ka7 77. Kh2 g5 78.
fxg5 Rxg5 79. Rh6 Rg4 80. Rxh5 Kb6 81. Kh3 Rxa4 82. Kg3 Re4 83. Kf3 Re6 84. Rd5
a4 85. Kf2 Re8 86. Kf3 a3 87. Rd3 Ra8 88. Rd1 a2 89. Ra1 Kc5 90. Ke3 Kc4 91.
Kd2 Kb3 0-1

[Event "ITT Homenaje a los Maestros Predecesore"]
[Site "Asuncion"]
[Date "2012.01.12"]
[Round "4.4"]
[White "Latorre, Manuel"]
[Black "Obregon, Andres Carlos"]
[Result "1/2-1/2"]
[WhiteElo "2299"]
[BlackElo "2455"]
[PlyCount "60"]
[EventDate "2012.01.09"]

1. d4 d5 2. Nf3 Nf6 3. c4 c6 4. e3 e6 5. Nbd2 Nbd7 6. b3 Bd6 7. Bb2 O-O 8. Bd3
Qe7 9. Ne5 Ba3 10. Bxa3 Qxa3 11. Nxd7 Bxd7 12. c5 b6 13. Qc1 Qa5 14. f4 Rfe8
15. h3 bxc5 16. Qxc5 Qxc5 17. dxc5 e5 18. fxe5 Rxe5 19. Kf2 Rae8 20. Rhe1 Bf5
21. Bf1 a5 22. Rac1 h5 23. Nf3 Ne4+ 24. Kg1 R5e6 25. Nd4 Rf6 26. a3 Rb8 27. Re2
Ng3 28. Rb2 Re8 29. Re1 g6 30. Ba6 Bd7 1/2-1/2

[Event "ITT Homenaje a los Maestros Predecesore"]
[Site "Asuncion"]
[Date "2012.01.13"]
[Round "5.1"]
[White "Villalba, Marcelo"]
[Black "Brito, Luismar"]
[Result "1/2-1/2"]
[WhiteElo "2199"]
[BlackElo "2270"]
[PlyCount "42"]
[EventDate "2012.01.09"]

1. e4 c5 2. Nf3 d6 3. d4 cxd4 4. Nxd4 Nf6 5. Nc3 a6 6. Bg5 e6 7. f4 h6 8. Bh4
Qb6 9. Qd3 Bd7 10. O-O-O Nc6 11. Be2 Nxd4 12. Qxd4 Qxd4 13. Rxd4 Bc6 14. Bxf6
gxf6 15. Bh5 Be7 16. Re1 Rg8 17. g4 Kf8 18. f5 Rc8 19. Nd1 d5 20. Bxf7 Kxf7 21.
fxe6+ Kg6 1/2-1/2

[Event "ITT Homenaje a los Maestros Predecesore"]
[Site "Asuncion"]
[Date "2012.01.13"]
[Round "5.3"]
[White "Diaz Hollemaert, Nahuel"]
[Black "Latorre, Manuel"]
[Result "0-1"]
[WhiteElo "2441"]
[BlackElo "2299"]
[PlyCount "86"]
[EventDate "2012.01.09"]

1. Nf3 Nf6 2. g3 g6 3. Bg2 Bg7 4. O-O O-O 5. d4 d6 6. a4 c6 7. Nbd2 Qc7 8. e4
Nbd7 9. Re1 e5 10. c3 Re8 11. b3 b6 12. Ba3 Bf8 13. Nc4 Ba6 14. dxe5 dxe5 15.
Bd6 Bxd6 16. Qxd6 Qxd6 17. Nxd6 Re6 18. Nxf7 Kxf7 19. Ng5+ Ke7 20. Nxe6 Kxe6
21. b4 Bc4 22. a5 b5 23. Rad1 Ke7 24. Rd2 Be6 25. Red1 Rc8 26. f3 a6 27. Bf1
Ne8 28. c4 Ndf6 29. Rc1 Nd6 30. cxb5 cxb5 31. Rc5 Rxc5 32. bxc5 Nc8 33. Kf2 Nd7
34. Ke3 Nxc5 35. Rc2 Kd6 36. f4 exf4+ 37. gxf4 Nxe4 38. Bg2 Nc5 39. Rd2+ Kc7
40. Rc2 Bc4 41. Kd4 Kd6 42. Rc3 Ne7 43. Rh3 Ne6+ 0-1

[Event "ITT Homenaje a los Maestros Predecesore"]
[Site "Asuncion"]
[Date "2012.01.13"]
[Round "5.4"]
[White "Espinoza Palomino, Willyam"]
[Black "Kropff, Ricardo"]
[Result "1-0"]
[WhiteElo "2361"]
[BlackElo "2236"]
[PlyCount "79"]
[EventDate "2012.01.09"]

1. e4 e5 2. Nf3 Nf6 3. Nxe5 d6 4. Nf3 Nxe4 5. Nc3 Nxc3 6. dxc3 Be7 7. Be3 Nd7
8. Qd2 O-O 9. O-O-O Re8 10. Nd4 Nf8 11. h4 Bf6 12. f3 c6 13. g4 Qa5 14. Kb1 d5
15. g5 Bxd4 16. Qxd4 b6 17. h5 c5 18. Qf4 Be6 19. Bd2 Rad8 20. Bd3 d4 21. a3
Qa4 22. h6 c4 23. Be4 Ng6 24. Qh2 d3 25. hxg7 Kxg7 26. Qh6+ Kg8 27. Rc1 Qd7 28.
Qxh7+ Kf8 29. Bxg6 fxg6 30. Qxg6 Qg7 31. Qe4 Bf7 32. Qf4 Kg8 33. Be3 b5 34. Bd4
Rxd4 35. Qxd4 Qxd4 36. cxd4 d2 37. Rcf1 Bg6 38. d5 Rd8 39. Rd1 Rxd5 40. Rh2 1-0

[Event "ITT Homenaje a los Maestros Predecesore"]
[Site "Asuncion"]
[Date "2012.01.14"]
[Round "6.1"]
[White "Brito, Luismar"]
[Black "Saldano Dayer, Horacio"]
[Result "1/2-1/2"]
[WhiteElo "2270"]
[BlackElo "2441"]
[PlyCount "56"]
[EventDate "2012.01.09"]

1. Nc3 d5 2. e4 c6 3. d4 dxe4 4. Nxe4 Nd7 5. Nf3 Ngf6 6. Nxf6+ Nxf6 7. h3 Bf5
8. Bd3 Bxd3 9. Qxd3 e6 10. O-O Be7 11. Re1 O-O 12. Be3 Rc8 13. Rad1 Qa5 14. c3
Rfd8 15. Qb1 b5 16. a3 Qc7 17. Bg5 a5 18. Bxf6 Bxf6 19. a4 bxa4 20. Qa2 Rb8 21.
Re2 c5 22. Qxa4 cxd4 23. Nxd4 h6 24. Nf3 Rxd1+ 25. Qxd1 Qc4 26. Qc2 a4 27. Ne5
Qc7 28. Nf3 Qc4 1/2-1/2

[Event "ITT Homenaje a los Maestros Predecesore"]
[Site "Asuncion"]
[Date "2012.01.14"]
[Round "6.5"]
[White "Villalba, Marcelo"]
[Black "Obregon, Andres Carlos"]
[Result "0-1"]
[WhiteElo "2199"]
[BlackElo "2455"]
[PlyCount "152"]
[EventDate "2012.01.09"]

1. e4 c5 2. Nf3 d6 3. d4 cxd4 4. Nxd4 Nf6 5. Nc3 a6 6. Bg5 Nbd7 7. Bc4 e6 8.
O-O Qa5 9. Qd2 Be7 10. Kh1 h6 11. Be3 Nc5 12. f3 Qc7 13. Be2 b6 14. b4 Ncd7 15.
b5 a5 16. Nc6 Bb7 17. Nxe7 Kxe7 18. Na4 Rhd8 19. c4 Nc5 20. Nxc5 dxc5 21. Qc3
e5 22. Rad1 Rxd1 23. Rxd1 Rd8 24. Rxd8 Kxd8 25. Qd2+ Ke7 26. Bf1 Bc8 27. Kg1
Be6 28. Kf2 Ne8 29. Qc3 f6 30. g3 Nd6 31. Bd3 Qb7 32. Qc2 Qc8 33. f4 Qe8 34. f5
Bf7 35. g4 Qg8 36. a4 Bxc4 37. Bxc4 Nxc4 38. h4 Nd6 39. h5 Nc4 40. Bc1 Nd6 41.
Ba3 Qa8 42. Ke3 Qb7 43. Qd3 Nf7 44. Qc4 Qd7 45. Bb2 Ng5 46. Qd3 Qb7 47. Bc1 Qa8
48. Bd2 Qg8 49. Qc2 Qd8 50. Bc3 Nh3 51. Qb3 Kf8 52. Bb2 Nf4 53. Qc2 Kg8 54. Qd2
Qe7 55. Ba3 Qf7 56. Qc2 c4 57. Bc1 Nd3 58. Qc3 Qc7 59. Ba3 Kh7 60. Kd2 Qd7 61.
Qxc4 Nf2+ 62. Ke2 Nxg4 63. Qd3 Qf7 64. Kf3 Qxh5 65. Kg3 Qg5 66. Qf3 h5 67. Kh3
Qd2 68. Kh4 Qh2+ 69. Qh3 Qxh3+ 70. Kxh3 Nf2+ 71. Kh4 Nxe4 72. Kxh5 Nc3 73. Bc1
Nxa4 74. Be3 Nc3 75. Bxb6 a4 76. Bd4 Nxb5 0-1

[Event "ITT Homenaje a los Maestros Predecesore"]
[Site "Asuncion"]
[Date "2012.01.16"]
[Round "7.3"]
[White "Diaz Hollemaert, Nahuel"]
[Black "Villalba, Marcelo"]
[Result "1/2-1/2"]
[WhiteElo "2441"]
[BlackElo "2199"]
[PlyCount "46"]
[EventDate "2012.01.09"]

1. Nf3 d5 2. g3 Nf6 3. Bg2 g6 4. b4 Bg7 5. Bb2 O-O 6. Na3 Qd6 7. c3 a5 8. b5 c5
9. O-O e5 10. d3 e4 11. dxe4 Nxe4 12. Nd2 Nxc3 13. Bxc3 Bxc3 14. Ne4 Qe5 15.
Nxc3 Qxc3 16. Qc1 Qe5 17. Qxc5 Be6 18. Nc4 Qxe2 19. Bxd5 Nd7 20. Qe3 Qxe3 21.
Nxe3 Nc5 22. Rfd1 Rfd8 23. Bxe6 Nxe6 1/2-1/2

[Event "ITT Homenaje a los Maestros Predecesore"]
[Site "Asuncion"]
[Date "2012.01.16"]
[Round "7.2"]
[White "Obregon, Andres Carlos"]
[Black "Brito, Luismar"]
[Result "1/2-1/2"]
[WhiteElo "2445"]
[BlackElo "2270"]
[PlyCount "56"]
[EventDate "2012.01.09"]

1. e4 c5 2. Nf3 d6 3. d4 cxd4 4. Nxd4 Nf6 5. Nc3 a6 6. Bg5 e6 7. f4 h6 8. Bh4
Qb6 9. a3 Bd7 10. Bf2 Qc7 11. Qe2 Nc6 12. O-O-O Be7 13. g3 Rc8 14. Bg2 Nxd4 15.
Bxd4 e5 16. Be3 b5 17. Kb1 O-O 18. g4 exf4 19. Bxf4 Be6 20. Bf3 Nd7 21. h4 f6
22. Nd5 Bxd5 23. exd5 Ne5 24. Be4 Qc4 25. Qe1 f5 26. gxf5 Bf6 27. Rh3 Ng4 28.
Rd2 Rfe8 1/2-1/2

[Event "ITT Homenaje a los Maestros Predecesore"]
[Site "Asuncion"]
[Date "2012.01.17"]
[Round "8.1"]
[White "Brito, Luismar"]
[Black "Kropff, Ricardo"]
[Result "1/2-1/2"]
[WhiteElo "2270"]
[BlackElo "2236"]
[PlyCount "81"]
[EventDate "2012.01.09"]

1. e4 c6 2. d4 d5 3. Nd2 dxe4 4. Nxe4 Bf5 5. Ng3 Bg6 6. h4 h6 7. h5 Bh7 8. Nf3
Nd7 9. Bd3 Bxd3 10. Qxd3 e6 11. Bf4 Qa5+ 12. Bd2 Qb6 13. O-O-O Ngf6 14. Ne4
Nxe4 15. Qxe4 Nf6 16. Qe2 Be7 17. g4 Rd8 18. c3 c5 19. Kb1 cxd4 20. Nxd4 O-O
21. Ka1 Bc5 22. Nb3 Bd6 23. g5 hxg5 24. Bxg5 Be7 25. Rdg1 Kh8 26. Nd4 Rd5 27.
Qf3 Qd8 28. Ne2 Nh7 29. Be3 Bg5 30. Qg2 Rg8 31. c4 Rd7 32. Bxg5 Nxg5 33. Nf4
Rd2 34. Qxb7 Qd6 35. Ng6+ Kh7 36. c5 Qd4 37. a3 Rd3 38. Qb4 Ne4 39. Qxd4 Rxd4
40. Rh4 Nxc5 41. Rxd4 1/2-1/2

[Event "ITT Homenaje a los Maestros Predecesore"]
[Site "Asuncion"]
[Date "2012.01.17"]
[Round "8.2"]
[White "Latorre, Manuel"]
[Black "Saldano Dayer, Horacio"]
[Result "0-1"]
[WhiteElo "2299"]
[BlackElo "2441"]
[PlyCount "68"]
[EventDate "2012.01.09"]

1. d4 Nf6 2. c4 g6 3. Nc3 d5 4. Nf3 Bg7 5. Bg5 Ne4 6. cxd5 Nxg5 7. Nxg5 e6 8.
Nf3 exd5 9. b4 Qd6 10. Qb3 O-O 11. e3 c6 12. Be2 Bf5 13. b5 a5 14. O-O Qb4 15.
Rfc1 Nd7 16. Qd1 a4 17. a3 Qa5 18. Ne1 Be6 19. Nd3 c5 20. Nf4 cxd4 21. Nxe6
fxe6 22. exd4 Rf4 23. Bg4 Nf8 24. Bf3 Rxd4 25. Qe2 Rc4 26. Nxd5 Rxc1+ 27. Rxc1
exd5 28. Bxd5+ Kh8 29. Bxb7 Rd8 30. Rc2 Qb6 31. Bf3 Qd6 32. Qc4 Qxa3 33. Ra2
Qb3 34. Be2 Rd1+ 0-1

[Event "ITT Homenaje a los Maestros Predecesore"]
[Site "Asuncion"]
[Date "2012.01.17"]
[Round "8.4"]
[White "Villalba, Marcelo"]
[Black "Espinoza Palomino, Willyam"]
[Result "1/2-1/2"]
[WhiteElo "2199"]
[BlackElo "2361"]
[PlyCount "81"]
[EventDate "2012.01.09"]

1. e3 Nf6 2. f4 c5 3. Nf3 d5 4. b3 g6 5. Bb2 Bg7 6. Bb5+ Bd7 7. a4 O-O 8. O-O
Bf5 9. a5 a6 10. Be2 Nc6 11. Ne5 Nxa5 12. g4 Bc8 13. g5 Nd7 14. Bc3 Nc6 15.
Nxc6 bxc6 16. Bxg7 Kxg7 17. Qe1 f6 18. h4 e5 19. Qg3 Qe7 20. Rf2 exf4 21. exf4
d4 22. Na3 Nb6 23. Bd3 fxg5 24. hxg5 Bf5 25. Re2 Qd7 26. Rae1 Nd5 27. Nc4 Bxd3
28. Ne5 Qf5 29. Nxd3 Nxf4 30. Re5 Qh3 31. Qxh3 Nxh3+ 32. Kg2 Nf4+ 33. Nxf4 Rxf4
34. Rxc5 Raf8 35. Re7+ Kg8 36. Ree5 Rf2+ 37. Kg3 R2f3+ 38. Kg2 Rf2+ 39. Kg3
R2f3+ 40. Kg2 Rf2+ 41. Kg3 1/2-1/2

[Event "ITT Homenaje a los Maestros Predecesore"]
[Site "Asuncion"]
[Date "2012.01.17"]
[Round "8.5"]
[White "Obregon, Andres Carlos"]
[Black "Diaz Hollemaert, Nahuel"]
[Result "1-0"]
[WhiteElo "2455"]
[BlackElo "2441"]
[PlyCount "115"]
[EventDate "2012.01.09"]

1. e4 e5 2. Nf3 Nc6 3. Bb5 a6 4. Ba4 Nf6 5. O-O b5 6. Bb3 Be7 7. Re1 d6 8. c3
O-O 9. h3 Na5 10. Bc2 c5 11. d4 Nd7 12. Nbd2 exd4 13. cxd4 Re8 14. d5 Bf6 15.
Rb1 Ra7 16. b3 Ne5 17. Nxe5 dxe5 18. Bb2 Rd7 19. Nf1 Nc6 20. Ne3 Nd4 21. Bd3
Be7 22. Rc1 Bf8 23. Bc3 Rd6 24. Bf1 Qf6 25. Ba5 Qg6 26. g3 Qxe4 27. Bg2 Qg6 28.
Rxc5 Rd7 29. Rc3 Bb7 30. Rd3 f6 31. Qd2 Bc5 32. Bc3 Red8 33. Rd1 Bb6 34. Kh2 h5
35. h4 f5 36. Bxd4 exd4 37. Rxd4 Bxd4 38. Qxd4 f4 39. gxf4 Rd6 40. f5 Qf6 41.
Qf4 Bc8 42. Bf3 Rf8 43. Be4 Re8 44. Rd2 Qe5 45. Kg3 Qe7 46. f3 Rf8 47. Qg5 Qe5+
48. Kg2 Qe8 49. Nf1 Bb7 50. Ng3 Qe5 51. Nxh5 Rfd8 52. Nf4 Rc8 53. Ng6 Qa1 54.
Ne7+ Kf8 55. Nxc8 Bxc8 56. Rc2 Bd7 57. Qd8+ Kf7 58. Rc7 1-0

[Event "ITT Homenaje a los Maestros Predecesore"]
[Site "Asuncion"]
[Date "2012.01.18"]
[Round "9.1"]
[White "Diaz Hollemaert, Nahuel"]
[Black "Brito, Luismar"]
[Result "1-0"]
[WhiteElo "2441"]
[BlackElo "2270"]
[PlyCount "85"]
[EventDate "2012.01.09"]

1. c4 Nf6 2. Nc3 c5 3. e3 e5 4. Nf3 Nc6 5. a3 d6 6. Be2 Be7 7. d4 exd4 8. exd4
O-O 9. O-O Re8 10. h3 h6 11. d5 Nb8 12. Bd3 Bf8 13. Bf4 a6 14. Qd2 b6 15. b4
Nbd7 16. Rfe1 Ra7 17. Bc2 Rxe1+ 18. Rxe1 Be7 19. Qd1 Bf8 20. Qd2 Be7 21. Rb1
Rc7 22. Qd3 cxb4 23. axb4 Bb7 24. Re1 Bf8 25. Nd4 Ne5 26. Rxe5 dxe5 27. Bxe5
Re7 28. f4 g6 29. Bxf6 Re1+ 30. Kf2 Qxf6 31. Kxe1 Bxb4 32. Nde2 b5 33. Kf1 bxc4
34. Qxc4 a5 35. Bd3 Qh4 36. Qb5 Bxc3 37. Nxc3 Qxf4+ 38. Ke2 Qb4 39. Qxb4 axb4
40. Ne4 f5 41. d6 Kf8 42. Nc5 Bxg2 43. Ne6+ 1-0

[Event "ITT Homenaje a los Maestros Predecesore"]
[Site "Asuncion"]
[Date "2012.01.18"]
[Round "9.2"]
[White "Espinoza Palomino, Willyam"]
[Black "Obregon, Andres Carlos"]
[Result "0-1"]
[WhiteElo "2361"]
[BlackElo "2455"]
[PlyCount "162"]
[EventDate "2012.01.09"]

1. e4 c5 2. Nf3 d6 3. Bb5+ Nd7 4. O-O a6 5. Bxd7+ Bxd7 6. Re1 Nf6 7. e5 dxe5 8.
Nxe5 e6 9. Qf3 Qc7 10. d3 Bd6 11. Bf4 Bc6 12. Qe2 O-O 13. Bg3 b5 14. Nxc6 Bxg3
15. hxg3 Qxc6 16. Nd2 Rfd8 17. Ne4 Nd5 18. c3 e5 19. Rad1 Rac8 20. Nd2 f6 21.
Nf3 Nc7 22. Qe4 Qd5 23. a4 Rd7 24. axb5 axb5 25. Qg4 Qe6 26. Kf1 Rcd8 27. Ke2
Kf7 28. Qxe6+ Nxe6 29. Rd2 Ra7 30. Rb1 Nc7 31. Ne1 Nd5 32. Nc2 Ra2 33. Ne3 Ne7
34. g4 Nc6 35. Kd1 b4 36. Nc4 Kg6 37. Ke2 Ne7 38. Ne3 Rb8 39. Rc1 Nc6 40. Nf5
h5 41. cxb4 Nxb4 42. Ne3 Nc6 43. gxh5+ Kxh5 44. Rh1+ Kg5 45. Nc4 Nd4+ 46. Ke3
Nf5+ 47. Ke2 Rb4 48. Rb1 Ra8 49. f3 Rd8 50. Rdd1 Rb3 51. Na5 Rb5 52. Nc4 Nd4+
53. Kf2 Nb3 54. Ke3 Kg6 55. Nd2 Nd4 56. Nc4 Rb7 57. Rbc1 Rd5 58. Ke4 Rd8 59.
Ke3 Kg5 60. Rc3 Rh8 61. Kf2 Ne6 62. Rb1 Rd7 63. Nd2 Rd5 64. Ne4+ Kg6 65. Rbc1
Rb8 66. R1c2 Nd4 67. Rd2 Rb5 68. Ra3 Rd8 69. Nc3 Rb7 70. Ke1 Nb3 71. Rd1 Rdb8
72. Ra6 Rb4 73. Nd5 Rh4 74. Kf2 Nd4 75. Rd2 Rh1 76. Ne7+ Kg5 77. Nc6 Rc8 78.
Nxd4 cxd4 79. Ra5 Rcc1 80. b4 Kh4 81. g3+ Kh3 0-1